00722nam a2200229Ia 4500001000900000003000500009005001700014008004100031010001100072040000900083082002300092100002500115245013100140260005600271300001400327500003700341503000800378504003100386650002200417650001800439700003500457dia_1294CHAP20230126115815.0220117s1975 xx 000 0 und d a171832 cCHAP a574.19121 L44 1975 aLehninger, Albert L. aBioenergética : la base molecular de las transformaciones biológicas de energía /c traduccion Vicente Conejero Tomás aMéxico :b Fondo Educativo Interamericano,c1975 ax, 242 p. aTítulo original: Bioenergetics aC/e aBibliografía: p. 229-230 aBioenergética  aBioenergetics aConejero Tomás, Vicente, tr.